Poodhalení duše /

Hlavní autor: Švýcarová, Jana, 1973-
Další autoři: Mašanská, Klára, 1972-
Jazyk: Čeština
Vydáno: V Ústí nad Labem : Severočeská vědecká knihovna v Ústí nad Labem spolu se Severočeským klubem spisovatelů, 2009
Témata:
Fyzický popis: 45 s. : il. ; 21 cm
Knihy
Uloženo v:
LEADER 01168nam a2200325 a 4500
001 nkc20092006736
003 CZ PrNK
005 20100817080536.0
007 ta
008 100712s2009 xr ac g 000 p cze
015 |a cnb002006736 
020 |a 978-80-7055-166-0  |q (brož.) 
035 |a (OCoLC)655136629 
040 |a ABA001  |b cze 
072 7 |a 821.162.3-1  |x Česká poezie  |2 Konspekt  |9 25 
080 |a 821.162.3-1  |2 MRF 
080 |a (0:82-1)  |2 MRF 
100 1 |a Švýcarová, Jana,  |d 1973-  |7 mzk2007423972  |4 aut 
245 1 0 |a Poodhalení duše /  |c Švýcarová Jana, verše ; Mašanská Klára, kresby 
260 |a V Ústí nad Labem :  |b Severočeská vědecká knihovna v Ústí nad Labem spolu se Severočeským klubem spisovatelů,  |c 2009 
300 |a 45 s. :  |b il. ;  |c 21 cm 
655 7 |a česká poezie  |7 fd133958  |2 czenas 
655 9 |a Czech poetry  |2 eczenas 
700 1 |a Mašanská, Klára,  |d 1972-  |7 jo2010584653  |4 ill 
910 2 |a BOA001  |b 2-1241.944 
928 9 |a Severočeský klub spisovatelů 
990 |a BK 
995 |a 01 
991 |b 201007  |e b 
996 6 |b 2610441599  |c 2-1241.944  |l MZK  |r Sklad / do 1 hodiny  |n 0  |p p.v.  |w 001130172  |u 000010  |a 1  |e BOA001  |j MZK50  |s P